| 000 | 00692nam0a22002531 4500 | ||
|---|---|---|---|
| 001 | rc\241997 | ||
| 005 | 20250621011151.0 | ||
| 010 |
_a5-268-01013-1 _9100000 |
||
| 035 | _a(NLR Aleph) 005493456 | ||
| 090 |
_a5231832 _c5231832 |
||
| 100 | _a20030307d1990 |||y0rusy50 ca | ||
| 101 | 0 | _arus | |
| 102 | _aRU | ||
| 105 | _ay ||||||||| | ||
| 200 | 1 | _aБрестская крепость | |
| 210 |
_aМ. _cСов. Россия _d1990 |
||
| 215 |
_a396, [2] с. _d20 |
||
| 225 | 1 | _aПодвиг | |
| 700 | 1 |
_aСмирнов _bС.С. _f1915-1976 _gСергей Сергеевич |
|
| 801 | 0 |
_aRU _bNLR _gpsbo |
|
| 801 | 1 |
_aRU _bELAR _2rusmarc |
|
| 852 |
_aNLR _j90-3/14228 |
||
| 942 | _cBOOK | ||
| 980 | _aNB | ||